000 00879cam a2200277 a 4500
001 3548
005 20250507145231.0
020 _a033500125843
040 _aO
_cO
_dDLC
_beng
050 0 4 _aPZ7.M462
082 _a372.4
100 1 _aMayer, Mercer
_d(1943-)
245 1 0 _aJust me and my mom /
_cby Mercer Mayer
250 _aFirst Random House Edition 2003
260 _aNew York :
_bA Golden book ,
_c1990
300 _a24 unnumbered pages :
_bcolor illustrations ;
_c21 cm.
490 0 _aA Golden look-look book
490 1 _aA Little Critter book
505 _aK
520 _aLittle Critter and his mother take a trip to the city exploring the department stores and museums.
521 _a520
_bLexile AD
521 _aK
_bRaz-Plus
650 _amother's day
_vFiction
906 _a7
_bcbc
_ccopycat
_d4
_eopcn
_f19
_gy-gencatlg
942 _2ddc
_cBK
_n0
999 _c3548
_d3548